000 03036cam a22004454i 4500
003 PE-LiUPU
005 20250731165422.0
008 160112s2014 pe grm 000 0 spa d
035 _a(Sirsi) a155699
040 _aPE-LiUPU
_bspa
_cPE-LiUPU
_erda
099 _aTF 3
_bH43 2014
100 1 _aHernández Campos, Joel David
_eautor
245 1 _aRelación de la ingeligencia emocional con el rendimiento académico del hijo estudiante de educación secundaria del Colegio Adventista de Villavicencio, Colombia, 2012 /
_cJoel David Hernández Campos.
264 0 _c2014.
300 _a125 hojas
_c30 cm
336 _atext
_2rdacontent
337 _aunmediated
_2rdamedia
338 _avolume
_2rdacarrier
502 _aTesis
_b(Mg.) --
_cUniversidad Peruana Unión,
_d2014.
504 _aIncluye bibliografía
520 3 _aEl objetivo de este estudio es investigar si la inteligencia emocional es factor predictivo del rendimiento académico de los hijos estudiantes de secundaria del Colegio Adventista de Villavicencio, Colombia, 2012. La presente investigación es de tipo básico teórico, de naturaleza descriptiva, correlacional, de diseño no experimental y de corte transversal. La muestra que está conformada por 133 estudiantes, es probabilística, de tipo estratificada. Para la recolección de los datos se aplicó el test de Reuven Bar-On, EQ-i:YVtm Emoticonal Quotient Inventory: Youth Version, traducido al castellano, validado y estandarizado con el nombre de Bar-On ICE NA: Inventario de inteligencia emocional para niños y adolescentes por el equipo multidisplinar de Nelly Ugarrizza y Liz Pajares. La fiabilidad global del inventario y sus componentes se valoró calculando el índice de la consistencia interna mediante el coeficiente Alfa de Crobach. Las calificaciones de los grados sexto a undécimo se tomaron del informe descriptivo valorativo anual 2012 provisto por el colegio. Los datos recogidos se analizaron usando la técnica Tau b de Kendall a través del programa estadístico SPSS 20. Como resultado se encontró un coeficiente = .143, lo que señala una correlación muy débil y el valor de p= .067>.05 (p>a) lo que indica una correlación de dirección positiva no significativa entre las variables. Se concluye que, en esta muestra, la inteligencia emocional es un factor poco predictor del éxito del rendimiento académico, por eso se rechaza la hipótesis alterna y se acepta la hipótesis nula.
526 _aSEG44
526 _aSEG26
526 _aP151
526 _aP150
526 _aP149
526 _aP146
526 _aP145
526 _aP126
526 _aP125
526 _aP92
526 _aP75
526 _aP74
526 _aP27
526 _aP15
596 _a1
650 0 4 _aInteligencia emocional
_xRendimiendo académico
_xEducación secundaria
_vTesis.
942 _2ddc
_cTESIS
999 _aTF 3 H43 2014
_wALPHANUM
_c8373
_iT01562
_lCCODEBUL3
_mBUL
_r1
_sY
_tTESIS
_u2016-1-12
_xPOSGRADO
_PP54
_o.STAFF. Tesis
_d8373
980 _81
_gALBERTO SANCHEZ Responsable de Automatización